Religious Contacts and Interactions in Poland-Lithuania in Early Modern Times
| Titel: | Religious Contacts and Interactions in Poland-Lithuania in Early Modern Times / Sebastian Rimestad |
|---|---|
| Verfasser: | |
| In: |
H-Soz-Kult, (29. Oktober 2018) alle Artikel anzeigen |
| Veröffentlicht: | 2018 |
| Format: | Aufsatz |
| Sprache: | Englisch |
X
alg: 43910330 001A $03025:21-11-18 001B $06050:11-06-19 $t12:26:36.000 001D $03025:21-11-18 001U $0utf8 001X $00 002@ $0Oou 002C $aText $btxt $2rdacontent 002D $aComputermedien $bc $2rdamedia 002E $aOnline-Ressource $bcr $2rdacarrier 003@ $0439103304 007A $0439103304 $aHEB 009Q $uhttp://www.hsozkult.de/conferencereport/id/tagungsberichte-7904 $xH 010@ $aeng 010E $erda 011@ $a2018 021A $aReligious Contacts and Interactions in Poland-Lithuania in Early Modern Times $hSebastian Rimestad 028A $BVerfasser $4aut $71031682600 $8Rimestad, Sebastian$Z1981- [Tp3] $9318256185 031A $b29 $c10 $j2018 039B $aEnthalten in $8--Obvc--. H-Soz-Kult. - Berlin : Humboldt-Universität zu Berlin, 1996-. - Online-Ressource. - ISSN 2196-5307 $x201810290000000999 $9274480301 044K $RPolen $RGroßfürstentum Litauen $#Republik beider Völker $#Königliche Republik der Polnischen Krone und des Großfürstentums Litauen $#Rzeczpospolita Korony Polskiej i Wielkiego Księstwa Litewskiego $#Polish–Lithuanian Commonwealth $#Respublica sive Status Regni Poloniae, Lituaniae, Prussiae, Livoniae etc. $#Regnum Poloniae Magnusque Ducatus Lithuaniae $#Rzeczpospolita Obojga Narodów $#Abiejų Tautų Respublika $71060577984 $8Polen-Litauen [Tg1] $9349697558 044K $RPseudoreligion $#Religion $#Religion $#Religions $74049396-9 $8Religion [Ts1] $9085137758 044K $RSozialer Kontakt $74294752-2 $8Umgang [Ts1] $9086604090 044K $RIntoleranz $#Toleration $#Tolérance $#Tolerancia $#tolerance $#Toleranz $#Toleranzgedanke $#Toleranzidee $74060355-6 $8Toleranz [Ts1] $9085167665 045T $a6,14 lok: 43910330 78 exp: 43910330 78 1 #EPN 201B/01 $021-11-18 $t12:04:23.000 201C/01 $021-11-18 201U/01 $0utf8 203@/01 $01035026554 208@/01 $a21-11-18 $be 209A/01 $a/ $f000 $x00 209A/01 $ab*p $x01 220C/01 $awma 244Z/01 $#Generalgouvernement Polen $#Polska $#Rzeczpospolita Polska $#Polska Rzeczpospolita Ludowa $#Poland $#Pologne $#République Polonaise $#Generalne Gubernatorstwo w Polsce $#Polish People's Republic $#Polska Rzeczpospolita Polen $#PRL $#RP $#Polen Generalgouvernement $#Polska Generalgouvernement $#Besetzte Polnische Gebiete $#Besetztes Gebiet in Polen $#Okupowane Polskie Obszary $#Obszary Okupowane w Polsce $#Volksrepublik Polen $#Polska Rosyjska $#Republic Polen $#Respublika Pol'ša $#Pol'skaja Narodnaja Respublika $#République de Pologne $#Polen Links der Weichsel $#Polska po Lewej Stronie Wisły $#Lenkija $#Polija $#Gubernija Carstva Pol'skago $#Republik Polen $74046496-9 $8--Tg1--Polen $x01 $9085129801 244Z/01 $#Litauen $#Litauen $#Lithuania $#Lietuvos Respublika $#République Lithuanienne $#Lithuanie $#Litva 1918 - 1940, 1991, 9 - $#Litovskaja Respublika $#Lithuania 1918 - 1940, 1991, 9 - $#Republik Litauen $#Republic of Lithuania $#Lithuanian Republic $#Litauische Republik $#Lietuva $74074266-0 $8--Tg1--Litauen $x07 $9085209074 247C/01 $82080>Marburg/Lahn, Herder-Institut, Forschungsbibliothek, Bibliographieportal $9336309341
| LEADER | 00000caa a2200000 c 4500 | ||
|---|---|---|---|
| 001 | 439103304 | ||
| 003 | DE-603 | ||
| 005 | 20190611122636.0 | ||
| 007 | cr|||||||||||| | ||
| 008 | 181121s2018 xx |||| o| u00||u|eng c | ||
| 035 | |a (DE-599)HEB439103304 | ||
| 040 | |a DE-603 |b ger |c DE-603 |d DE-603 |e rda | ||
| 041 | |a eng | ||
| 084 | |a 6,14 |2 ssgn | ||
| 100 | 1 | |a Rimestad, Sebastian |d 1981- |e Verfasser |4 aut |0 (DE-603)318256185 |0 (DE-588)1031682600 |2 gnd | |
| 245 | 0 | 0 | |a Religious Contacts and Interactions in Poland-Lithuania in Early Modern Times |c Sebastian Rimestad |
| 264 | 0 | |c 2018 | |
| 336 | |a Text |b txt |2 rdacontent | ||
| 337 | |a Computermedien |b c |2 rdamedia | ||
| 338 | |a Online-Ressource |b cr |2 rdacarrier | ||
| 650 | 7 | |a Religion |0 (DE-588)4049396-9 |0 (DE-603)085137758 |2 gnd | |
| 650 | 7 | |a Umgang |0 (DE-588)4294752-2 |0 (DE-603)086604090 |2 gnd | |
| 650 | 7 | |a Toleranz |0 (DE-588)4060355-6 |0 (DE-603)085167665 |2 gnd | |
| 651 | 7 | |a Polen-Litauen |0 (DE-588)1060577984 |0 (DE-603)349697558 |2 gnd | |
| 773 | 0 | 8 | |i Enthalten in |t H-Soz-Kult |d Berlin : Humboldt-Universität zu Berlin, 1996- |h Online-Ressource |x 2196-5307 |g (29. Oktober 2018) |w (DE-603)274480301 |w (DE-600)2627296-9 |
| 856 | |u http://www.hsozkult.de/conferencereport/id/tagungsberichte-7904 |x Verlag | ||
| 924 | 1 | |9 2080 |a (DE-603)1035026554 |b DE-2080 |c HES |d d |g / | |


